00462 a2200193 4500001000700000003000400007005001700011008004100028020001800069082001900087100002000106245004200126250001200168260003300180300001000213546001200223650001600235653001700251140123OSt20260121141842.0  a9781259002120 a532.0533bW58V1 aWhite, Frank M.1 aViscous fluid flowcby Frank M. White a3rd ed. aNew DelhibMcGraw Hillc2013 a629p. aenglish aMathematics aViscous flow